| 000 | 01783nam a2200385 i 4500 | ||
|---|---|---|---|
| 999 |
_c65206 _d65206 |
||
| 001 | 768714001 | ||
| 003 | CO-MdFUSB | ||
| 005 | 20191023113731.0 | ||
| 008 | 190911t2006 sp |||| |||| 00| 0 spa d | ||
| 020 | _a9788478715282 | ||
| 040 |
_aCO-MdFUSB _bspa _cCO-MdFUSB _dCO-MdFUSBC _erda |
||
| 041 |
_aspa _heng |
||
| 082 |
_222 _a158 _bH774e |
||
| 100 |
_aHonoré, Carl. _eautor |
||
| 240 | _aIn praise of slow : how a worldwide movement is challenging the cult of speed. | ||
| 245 | 1 |
_aElogio de la lentitud: _bun movimiento de alcance mundial cuestiona el culto a la velocidad. _c/ Carl Honoré ; traducido por Jordi Fibla. |
|
| 264 | 1 |
_aBarcelona : _bRBA, _c[2006] |
|
| 264 | 4 | _c© 2006 | |
| 300 |
_a331 páginas _c; 19 cm |
||
| 336 |
_2rdacontent _atexto _btxt |
||
| 337 |
_2rdamedia _asin mediación _bn |
||
| 338 |
_2rdacarrier _avolumen _bnc |
||
| 490 | _aRBA bolsillo. | ||
| 504 | _aIncluye referencias bibliográficas (páginas 309-311) | ||
| 505 | _aLa era del furor. -- Hacerlo todo más rápido. -- La lentitud es bella. -- La comida: volver las tornas a la rapidez. -- Las ciudades: la mezcla de lo antiguo y lo nuevo. -- El cuerpo y la mente: mens sana in corpore sano. -- La medicina: los médicos y la paciencia . -- El sexo: un amante con la mano más lenta. -- El trabajo: los beneficios de un trabajo menos arduo. -- El ocio: la importancia de descansar. -- Los hijos: la educación de niños pausados. -- Conclusión: la búsqueda del tiempo giusto. | ||
| 563 | _aRústico | ||
| 650 | 0 |
_95 _aSociología de la cultura |
|
| 653 | _aTécnicas de autoayuda. | ||
| 653 | _aRealización personal. | ||
| 653 | _aVida cotidiana | ||
| 653 | _aManejo del tiempo. | ||
| 700 |
_92402 _aFibla, Jordi. _etraductor |
||
| 942 | _cBK | ||
| 945 | _aJTF-925 | ||